| 000 | | | 03786nmc2a22002413x 450 |
| 001 | | | b556eb96-a833-4e4b-978d-133920cffaf0 |
| 005 | | | 20251117173222.0 |
| 100 | ## | $a | 20250711l18221823k l0rusy0189 ca |
| 101 | 0# | $a | rus |
| 102 | ## | $a | RU |
| 105 | ## | $a | y### |
| 122 | 2# | $a | d |
| 200 | 1# | $a | Дело об ассигновании сумм из поиезуитских доходов на расходы по Виленскому учебному округу на 1823 год. Здесь же записки для сведения о выдаче поиезуитских сумм под залоги |
| | $j | 12 августа 1822 г. - 27 ноября 1823 г. |
| 215 | ## | $a | 80 л. |
| | $d | 36,5х26 см |
| 251 | ## | $c | Дело |
| 300 | ## | $a | На бланке обложки указано: "Отделения третьего. Стол контрольный" |
| 371 | ## | $a | Документ не является опубликованным и широко распространяемым |
| 461 | #0 | $1 | 001a74412a3-3cc5-4d21-8f0a-dfe2fbd9e72d |
| | $1 | 2001 |
| | $a | Департамент народного просвещения Министерства народного просвещения (1803-1917) |
| | $1 | 251 |
| | $c | Фонд |
| | $1 | 852 |
| | $j | 733 |
| 462 | #0 | $1 | 001ccc93d8c-a161-4593-b7db-1a3e4c2bc189 |
| | $1 | 2001 |
| | $a | Дела счетного отделения Департамента народного просвещения за 1819-1838 годы |
| | $1 | 251 |
| | $c | Опись |
| | $1 | 852 |
| | $j | 111 |
| 801 | #0 | $a | RU |
| | $b | РГИА |
| | $c | 20250711 |
| | $g | RCR |
| 801 | #1 | $a | RU |
| | $b | ГлавНИВЦ |
| | $c | 20250711 |
| | $2 | rusmarc |
| 801 | #2 | $a | RU |
| | $b | ПБ им. Б.Н. Ельцина |
| | $c | 20251117 |
| | $g | RCR |
| | $2 | rusmarc |
| 850 | ## | $a | РГИА |
| 852 | ## | $a | РГИА |
| | $e | Федеральное казенное учреждение "Российский государственный исторический архив" (РГИА) |
| | $j | 132 |
| 937 | ## | $h | РГИА |
| | $d | 12093292 |
| | $a | ASBIBLIO_SCAN |
| 035 | ## | $a | RusGRCC00087271 |
| 856 | ## | $u | http://readingroom.main.prlib.ru/item.aspx?id_node=n199024888&mode=full |